เปลี่ยนเป็นภาษาไทย

Change to English
 แสดงรายละเอียดบรรณานุกรม
  กลับหน้าหลัก

Brief Record : Get Marc (ISO 2709) : E-mail record : QR code < ปิดหน้าต่าง
mysqli: Table './ulib62015/stat_globaluid' is marked as crashed and should be repaired
select id from stat_globaluid where statuid='20260517230529_640' 
mysqli: Table './ulib62015/stat_globaluid' is marked as crashed and should be repaired
DELETE FROM stat_globaluid
			WHERE id NOT IN (
			  SELECT id
			  FROM (
				SELECT id
				FROM stat_globaluid
				ORDER BY id DESC
				LIMIT 100
			  ) foo
			); 
mysqli: Table './ulib62015/stat_globaluid' is marked as crashed and should be repaired
insert into stat_globaluid set
		statuid='20260517230529_640',
		dt='1779033929',
		phpself='/ULIB62015/dublinfull.php',
		agent='Mozilla/5.0 AppleWebKit/537.36 (KHTML, like Gecko; compatible; ClaudeBot/1.0; +claudebot@anthropic.com)',
		yea='2026',
		mon='5',
		dat='17',
		ip='216.73.216.45'
		
		
mysqli: Table './ulib62015/stathist_viewbib_bib_type' is marked as crashed and should be repaired
insert into stathist_viewbib_bib_type set 
		dat='17' ,
		 mon='05' ,
		  yea='2026' ,
			 statuid='20260517230529_640' ,
			 head='13399108086' ,
			 foot='marc' ,
			 dt='1779033929' 
		
LEADER : 00000nam 2200000uu 4500
001    13399108086
003     ULIB
008    110712s||||||||th 000 0 tha d
020    ^a015491
050  0 ^a TR 149^b ก125
100 0  ^aดร.กนกรัตน์ ยศไกร
245 00 ^a photography for communication การถ่ายภาพเพื่อการสื่อสาร^bดร.กนกรัตน์ ยศไกร
260    ^aกรุงเทพฯ:ทริปเพิ้ล เอ็ดดูเคชั้น ^b2550
300    ^a262 หน้า
650  0 ^a photography for communication
945    ^p195^l0^i015491
945    ^p195^l0^i015492
945    ^p195^l0^i015493
999    ^aใช้งานได้ทุกระบบ
รายการนี้ยังไม่มีแท็ก
คุณยังไม่ได้ล็อกอิน คุณสามารถมีกิจกรรมร่วมกับเว็บไซต์ได้ แต่ต้องล็อกอินก่อน ::
  ล็อกอิน
  One Stop Service : ศูนย์ให้บริการแบบเบ็ดเสร็จ   จัดการหนังสือโปรด   แจ้งรายการบรรณานุกรมผิดพลาด
ลำดับที่ ประเภท เลขเรียก/บาร์โค้ด สถานที่ สถานะ
1. หนังสือ
หนังสือ
TR 149 ก125 ฉ.4 
  Barcode: 015493
หนังสือทั่วไป บนชั้น
  ขอยืม
2. หนังสือ
หนังสือ
TR 149 ก125 ฉ.5 
  Barcode: 015492
หนังสือทั่วไป บนชั้น
  ขอยืม
3. หนังสือ
หนังสือ
TR 149 ก125 ฉ.6 
  Barcode: 015491
หนังสือทั่วไป บนชั้น
  ขอยืม

BibComment


ยังไม่เคยถูกคอมเมนท์

คอมเมนท์ทรัพยากรรายการนี้
  คอมเมนท์: photography for..
Bib 13399108086

 
 
 

 Union Library Management : ULibM
Copyright 2026. All Rights Reserved.